[Event "Copenhagen Chess Challenge 2011"]
[Site "Ballerup"]
[Date "2011.05.21"]
[Round "7"]
[White "Skytte, Rasmus"]
[Black "Brondt, Nicolai Kvist"]
[Result "1-0"]
[WhiteElo "2399"]
[BlackElo "2151"]
[PlyCount "87"]
[EventDate "2011.??.??"]
[EventType "swiss"]
[EventRounds "9"]
[EventCountry "DEN"]

1. e4 c6 2. d4 d5 3. Nc3 dxe4 4. Nxe4 Bf5 5. Ng3 Bg6 6. h4 h6 7. Nh3 e6 8. Nf4
Bh7 9. Bc4 Nf6 10. O-O Bd6 11. Re1 O-O 12. Ngh5 Nxh5 13. Nxh5 Qxh4 14. g3 Qe7
15. Qg4 Bg6 16. Bxh6 gxh6 17. Rxe6 fxe6 18. Qxg6+ Kh8 19. Re1 Nd7 20. Rxe6 Qh7
21. Rxd6 Nb6 22. Qxh7+ Kxh7 23. Bd3+ Kg8 24. Rxh6 Rf7 25. Nf6+ Kg7 26. Ng4 Rh8
27. Rg6+ Kf8 28. Ne5 Rg7 29. Re6 Rhg8 30. Bf5 Rg5 31. Bg6 Nd5 32. c4 Nb6 33. b3
Kg7 34. Kg2 Rf8 35. Be4 Rh5 36. Re7+ Kf6 37. Rxb7 c5 38. Ng4+ Ke6 39. dxc5 Rxc5
40. Rxa7 Rg5 41. Ne3 Nd7 42. Bd5+ Kd6 43. b4 Nf6 44. c5+ 1-0

[Event "Copenhagen Chess Challenge 2011"]
[Site "Ballerup"]
[Date "2011.05.21"]
[Round "7"]
[White "Thorhallsson, Throstur"]
[Black "Lindgren, Philip"]
[Result "1/2-1/2"]
[WhiteElo "2392"]
[BlackElo "2126"]
[PlyCount "156"]
[EventDate "2011.??.??"]
[EventType "swiss"]
[EventRounds "9"]
[EventCountry "DEN"]

1. e4 c5 2. Nf3 d6 3. d4 cxd4 4. Nxd4 Nf6 5. Nc3 g6 6. Be2 Bg7 7. O-O O-O 8.
Bg5 Nc6 9. Nb3 Be6 10. f4 Rc8 11. Kh1 Na5 12. f5 Bc4 13. Bd3 b5 14. Qe1 b4 15.
Nd1 Bxd3 16. cxd3 Nc6 17. Qh4 d5 18. Nf2 dxe4 19. dxe4 Ne5 20. Be3 Qc7 21. fxg6
hxg6 22. Nh3 Qd7 23. Bd4 Qg4 24. Qxg4 Nfxg4 25. Bxa7 Nd3 26. Rad1 Ra8 27. Bb6
Nxb2 28. Rd7 Rxa2 29. Bc5 Nc4 30. Bxe7 Nce3 31. Bxf8 Nxf1 32. Bxb4 Rb2 33. Rd8+
Kh7 34. Ng5+ Kh6 35. Nxf7+ Kh5 36. Rd5+ Be5 37. Nc1 Nfe3 38. Rxe5+ Nxe5 39.
Nxe5 Rxb4 40. Ned3 Rxe4 41. Kg1 Rc4 42. Ne2 Rc2 43. Ndf4+ Kh6 44. Kf2 Ng4+ 45.
Kg3 Nf6 46. Kf3 Ra2 47. h3 Nd7 48. h4 Ne5+ 49. Ke4 Ng4 50. Nd4 Ra4 51. Nfe2
Nf6+ 52. Ke5 Nd7+ 53. Ke6 Nc5+ 54. Kd5 Nd3 55. Ke4 Ne1 56. g4 Ng2 57. h5 g5 58.
Kf3 Nf4 59. Nf5+ Kh7 60. Nxf4 Rxf4+ 61. Kg3 Ra4 62. Kf3 Kg8 63. Kg3 Kf7 64. h6
Ra3+ 65. Kg2 Kg6 66. Kh2 Ra7 67. Kg3 Rh7 68. Kf3 Kf6 69. Ke4 Rh8 70. Kf3 Ke5
71. Ke3 Ra8 72. Kf3 Ra3+ 73. Kg2 Ke4 74. h7 Ra8 75. Nh6 Rh8 76. Nf7 Rxh7 77.
Nxg5+ Kf4 78. Nxh7 Kxg4 1/2-1/2

[Event "Copenhagen Chess Challenge 2011"]
[Site "Ballerup"]
[Date "2011.05.21"]
[Round "7"]
[White "Matthiesen, Martin"]
[Black "Teplyi, Igor"]
[Result "1/2-1/2"]
[WhiteElo "2242"]
[BlackElo "2387"]
[PlyCount "96"]
[EventDate "2011.??.??"]
[EventType "swiss"]
[EventRounds "9"]
[EventCountry "DEN"]

1. Nf3 Nf6 2. d4 d5 3. c4 e6 4. Nc3 Be7 5. Bg5 h6 6. Bh4 O-O 7. e3 b6 8. Be2
Bb7 9. Bxf6 Bxf6 10. cxd5 exd5 11. b4 c6 12. O-O a5 13. bxa5 Rxa5 14. Qb3 Nd7
15. a4 Re8 16. Rad1 g6 17. Rfe1 Bg7 18. Bd3 Nf8 19. Rb1 Ba6 20. Bxa6 Rxa6 21.
Red1 Qa8 22. Ne1 Ne6 23. Nd3 Rd8 24. Nb4 Ra7 25. Nc2 Rb7 26. a5 b5 27. Nb4 Ra7
28. a6 Bf8 29. Nca2 Nc7 30. Rdc1 Rd6 31. Qc2 Nxa6 32. Nd3 Re6 33. Nc3 Bd6 34.
g3 Re8 35. Ne2 Nb8 36. Nef4 Kg7 37. h4 Ba3 38. Re1 Nd7 39. Kg2 Bd6 40. Rec1 Ra6
41. Nb4 Bxb4 42. Rxb4 h5 43. Rb2 Nf6 44. Nd3 Ne4 45. Nb4 Rb6 46. Ra2 Qb7 47.
Rca1 Re7 48. Ra6 Re6 1/2-1/2

[Event "Copenhagen Chess Challenge 2011"]
[Site "Ballerup"]
[Date "2011.05.21"]
[Round "7"]
[White "Pedersen, Steffen"]
[Black "Hansen, Lars"]
[Result "1/2-1/2"]
[WhiteElo "2441"]
[BlackElo "2246"]
[PlyCount "33"]
[EventDate "2011.??.??"]
[EventType "swiss"]
[EventRounds "9"]
[EventCountry "DEN"]

1. d4 g6 2. c4 Bg7 3. e4 c5 4. d5 d6 5. Bd3 Nf6 6. Nc3 O-O 7. h3 e6 8. Nf3 exd5
9. cxd5 b5 10. Bxb5 Nxe4 11. Nxe4 Qa5+ 12. Nfd2 Qxb5 13. Nxd6 Qa6 14. N2c4 Nd7
15. O-O Ne5 16. Nxc8 Raxc8 17. Nxe5 1/2-1/2

[Event "Copenhagen Chess Challenge 2011"]
[Site "Ballerup"]
[Date "2011.05.21"]
[Round "7"]
[White "Mikkelsen, Nikolaj"]
[Black "Olsen, Peter Erik"]
[Result "1-0"]
[WhiteElo "2401"]
[BlackElo "2241"]
[PlyCount "73"]
[EventDate "2011.??.??"]
[EventType "swiss"]
[EventRounds "9"]
[EventCountry "DEN"]

1. e4 d5 2. exd5 Qxd5 3. Nc3 Qa5 4. d4 Nf6 5. Nf3 Bg4 6. h3 Bh5 7. g4 Bg6 8.
Ne5 e6 9. Bg2 c6 10. O-O Nbd7 11. Nxd7 Nxd7 12. Bf4 O-O-O 13. a3 e5 14. b4 Qc7
15. Bg3 f6 16. Qe2 Bf7 17. Rfd1 Be7 18. Rab1 Rhe8 19. b5 c5 20. Bd5 cxd4 21.
Bxf7 Qxc3 22. Rd3 Qa5 23. Bxe8 Rxe8 24. c3 Nc5 25. cxd4 Nxd3 26. Qxd3 Bd6 27.
Rc1+ Kb8 28. dxe5 Bxe5 29. Bxe5+ fxe5 30. Qd6+ Ka8 31. Qxe5 Rb8 32. Rd1 Qxa3
33. b6 Qf8 34. Ra1 a6 35. Qc7 Rc8 36. Rxa6+ bxa6 37. Qa7# 1-0

[Event "Copenhagen Chess Challenge 2011"]
[Site "Ballerup"]
[Date "2011.05.21"]
[Round "7"]
[White "Fries Nielsen, Jens Ove"]
[Black "Molvig, Henrik"]
[Result "1-0"]
[WhiteElo "2386"]
[BlackElo "2180"]
[PlyCount "37"]
[EventDate "2011.??.??"]
[EventType "swiss"]
[EventRounds "9"]
[EventCountry "DEN"]

1. d4 d5 2. Nc3 c6 3. Bf4 Nf6 4. Qd3 Na6 5. a3 e6 6. e4 Nxe4 7. Nxe4 dxe4 8.
Qxe4 Qb6 9. O-O-O Be7 10. h4 Bd7 11. Rh3 Qa5 12. Rb3 Qa4 13. Bd3 f5 14. Qf3 Bc8
15. Be5 O-O 16. Qg3 Bf6 17. Bxf6 Rxf6 18. Qe5 Nb8 19. Rb4 1-0

[Event "Copenhagen Chess Challenge 2011"]
[Site "Ballerup"]
[Date "2011.05.21"]
[Round "7"]
[White "Hove, Esben Kjems"]
[Black "Halamus, Agata"]
[Result "1-0"]
[WhiteElo "2276"]
[BlackElo "2047"]
[PlyCount "83"]
[EventDate "2011.??.??"]
[EventType "swiss"]
[EventRounds "9"]
[EventCountry "DEN"]

1. d4 d5 2. Nf3 Nf6 3. c4 e6 4. Nc3 Be7 5. Bf4 c6 6. e3 Nbd7 7. h3 O-O 8. Qc2
Re8 9. cxd5 exd5 10. Bd3 Nf8 11. O-O Ne6 12. Be5 g6 13. Rab1 a5 14. a3 Ng7 15.
b4 axb4 16. axb4 Bf5 17. Ne1 Bd6 18. Bxd6 Qxd6 19. Bxf5 Nxf5 20. Nd3 Nd7 21.
Nc5 b6 22. Nxd7 Qxd7 23. b5 Rec8 24. Qb3 Ne7 25. bxc6 Rxc6 26. Na2 Rc4 27. Nb4
Qd6 28. Rfd1 b5 29. Nd3 Rb8 30. Ne5 Ra4 31. Rdc1 f6 32. Nd3 Rc4 33. Nb2 Rb4 34.
Qa3 Rb6 35. Rc5 Nc6 36. Rbc1 Rc4 37. Nxc4 dxc4 38. Qa8+ Kg7 39. Rb1 b4 40. Rxc4
b3 41. Qa4 b2 42. Rc2 1-0

[Event "Copenhagen Chess Challenge 2011"]
[Site "Ballerup"]
[Date "2011.05.21"]
[Round "7"]
[White "Rostgaard, Tobias Valentin"]
[Black "Brekka, Hanus"]
[Result "1-0"]
[WhiteElo "2207"]
[BlackElo "2101"]
[PlyCount "91"]
[EventDate "2011.??.??"]
[EventType "swiss"]
[EventRounds "9"]
[EventCountry "DEN"]

1. d4 e6 2. c4 c5 3. d5 d6 4. e4 e5 5. g3 Be7 6. Bg2 Nf6 7. Ne2 O-O 8. O-O Bd7
9. Nbc3 Qc8 10. f4 Bh3 11. f5 Bxg2 12. Kxg2 Qd8 13. Ng1 a6 14. a4 Nbd7 15. Qe2
Ne8 16. Nf3 Nc7 17. g4 b5 18. b3 bxc4 19. bxc4 Rb8 20. a5 Rb3 21. Bd2 Qb8 22.
Rfb1 Rxb1 23. Rxb1 Qa7 24. Qd1 Rb8 25. Qa4 Nf6 26. Rxb8+ Qxb8 27. h3 Nfe8 28.
g5 Qb2 29. h4 f6 30. Qa2 Qxa2 31. Nxa2 Bd8 32. g6 h6 33. Nc1 Na8 34. Nb3 Bc7
35. Ne1 Bd8 36. Nd3 Be7 37. Nb2 Bd8 38. Na4 Bc7 39. Kf2 Kf8 40. Ke2 Bb8 41. Nb6
Nxb6 42. axb6 Ke7 43. Na5 Kd7 44. Kf3 Kc8 45. Kg4 Kd7 46. Kh5 1-0

[Event "Copenhagen Chess Challenge 2011"]
[Site "Ballerup"]
[Date "2011.05.21"]
[Round "7"]
[White "Pedersen, Sven"]
[Black "Ootes, Lennart"]
[Result "1-0"]
[WhiteElo "2125"]
[BlackElo "2194"]
[PlyCount "57"]
[EventDate "2011.??.??"]
[EventType "swiss"]
[EventRounds "9"]
[EventCountry "DEN"]

1. e4 e5 2. Nf3 Nc6 3. Bb5 Nd4 4. Nxd4 exd4 5. d3 Bc5 6. O-O c6 7. Bc4 d5 8.
exd5 cxd5 9. Re1+ Be6 10. Qh5 Kf8 11. Bb3 Nf6 12. Qh4 Qb6 13. Nd2 a5 14. a4 Be7
15. Nf3 Ne4 16. Ng5 Nxg5 17. Bxg5 Bb4 18. Re2 h6 19. Bd2 Be7 20. Qg3 Bf6 21.
Bf4 h5 22. Rae1 h4 23. Qf3 Qc6 24. h3 Rd8 25. Bg5 Bxg5 26. Rxe6 Rd6 27. Bxd5
Rxe6 28. Rxe6 Qxa4 29. Rh6 1-0

[Event "Copenhagen Chess Challenge 2011"]
[Site "Ballerup"]
[Date "2011.05.21"]
[Round "7"]
[White "Kvisvik, Brede"]
[Black "Knudsen, Jes West"]
[Result "1-0"]
[WhiteElo "2175"]
[BlackElo "1939"]
[PlyCount "69"]
[EventDate "2011.??.??"]
[EventType "swiss"]
[EventRounds "9"]
[EventCountry "DEN"]

1. e4 c5 2. Nf3 a6 3. c4 Nc6 4. d4 cxd4 5. Nxd4 e5 6. Nf5 d6 7. Ne3 g6 8. Be2
Bg7 9. O-O Nd4 10. Nc3 Ne7 11. Bg4 f5 12. exf5 gxf5 13. Bh5+ Ng6 14. Nc2 Nxc2
15. Qxc2 Be6 16. b3 Qc7 17. Bg5 b5 18. Rad1 bxc4 19. Nd5 Bxd5 20. Rxd5 O-O 21.
Bxg6 hxg6 22. bxc4 Bf6 23. h4 Bxg5 24. hxg5 Qe7 25. Rfd1 Qxg5 26. Rxd6 Ra7 27.
c5 Rh7 28. R1d3 Qh4 29. Rxg6+ Kh8 30. Rgg3 Qb4 31. Rh3 e4 32. Rb3 Qe1+ 33. Kh2
f4 34. Qb2+ Kg8 35. Rxh7 1-0

[Event "Copenhagen Chess Challenge 2011"]
[Site "Ballerup"]
[Date "2011.05.21"]
[Round "7"]
[White "Lodahl, Holger"]
[Black "Andersen, Lars Christoff"]
[Result "1/2-1/2"]
[WhiteElo "1939"]
[BlackElo "2138"]
[PlyCount "49"]
[EventDate "2011.??.??"]
[EventType "swiss"]
[EventRounds "9"]
[EventCountry "DEN"]

1. d4 d5 2. c4 e6 3. Nc3 Nf6 4. Nf3 Nbd7 5. e3 Be7 6. Bd3 a6 7. cxd5 exd5 8.
O-O O-O 9. b3 Re8 10. Bb2 Bd6 11. Rc1 Nf8 12. Re1 Bg4 13. e4 Bf4 14. Rc2 dxe4
15. Nxe4 Nd5 16. a3 Ng6 17. h3 Bxf3 18. Qxf3 f5 19. Rce2 fxe4 20. Bxe4 Rxe4 21.
Rxe4 c6 22. g3 Bd6 23. Bc1 Qd7 24. Kg2 Rf8 25. Qg4 1/2-1/2

[Event "Copenhagen Chess Challenge 2011"]
[Site "Ballerup"]
[Date "2011.05.21"]
[Round "7"]
[White "Johansson, Linus"]
[Black "Salomon, Johan"]
[Result "1-0"]
[WhiteElo "2131"]
[BlackElo "1917"]
[PlyCount "69"]
[EventDate "2011.??.??"]
[EventType "swiss"]
[EventRounds "9"]
[EventCountry "DEN"]

1. d4 Nf6 2. c4 c5 3. d5 b5 4. cxb5 a6 5. bxa6 g6 6. Nc3 Bxa6 7. g3 Bg7 8. Bg2
d6 9. Nf3 O-O 10. O-O Nbd7 11. Rb1 Qa5 12. Bd2 Rfb8 13. b3 Ng4 14. Qc2 Nde5 15.
Ne1 Ra7 16. h3 Nf6 17. f4 Ned7 18. Kh2 Rab7 19. Nf3 Qc7 20. a4 Rb6 21. Rfe1 Qb7
22. e4 Rxb3 23. e5 Ne8 24. e6 Nf8 25. exf7+ Kxf7 26. Nb5 Rxb1 27. Rxb1 Kg8 28.
Ng5 Qd7 29. Qe4 Nf6 30. Qe1 h6 31. Ne6 Nxe6 32. dxe6 Qc8 33. Bc3 Bb7 34. Na7
Qc7 35. Ba5 1-0

[Event "Copenhagen Chess Challenge 2011"]
[Site "Ballerup"]
[Date "2011.05.21"]
[Round "7"]
[White "Skovgaard, Ib"]
[Black "Andersen, Morten"]
[Result "1-0"]
[WhiteElo "2012"]
[BlackElo "2181"]
[PlyCount "47"]
[EventDate "2011.??.??"]
[EventType "swiss"]
[EventRounds "9"]
[EventCountry "DEN"]

1. e4 c5 2. Nf3 d6 3. d4 cxd4 4. Nxd4 Nf6 5. Nc3 a6 6. Bg5 e6 7. Qd3 b5 8.
O-O-O b4 9. Na4 Qa5 10. e5 Nd5 11. Qc4 Bd7 12. exd6 Qxa4 13. Re1 Qa5 14. Nb3
Qb5 15. Qe4 Qc6 16. Nd4 Qxd6 17. Bc4 Be7 18. Bxe7 Qxe7 19. Bxd5 Ra7 20. Nf5 Qf6
21. Nd6+ Ke7 22. Qxb4 Qg5+ 23. Re3 Qxd5 24. Ne4+ 1-0

[Event "Copenhagen Chess Challenge 2011"]
[Site "Ballerup"]
[Date "2011.05.21"]
[Round "7"]
[White "Olsen, Aage"]
[Black "Hvenekilde, Jorgen"]
[Result "1/2-1/2"]
[WhiteElo "2005"]
[BlackElo "2127"]
[PlyCount "26"]
[EventDate "2011.??.??"]
[EventType "swiss"]
[EventRounds "9"]
[EventCountry "DEN"]

1. e4 d6 2. d4 g6 3. Nf3 Bg7 4. Bc4 e6 5. Nc3 a6 6. a4 b6 7. Qe2 Ne7 8. O-O O-O
9. Rd1 h6 10. Bf4 Nd7 11. h3 Bb7 12. Qd2 Kh7 13. Bd3 e5 1/2-1/2

[Event "Copenhagen Chess Challenge 2011"]
[Site "Ballerup"]
[Date "2011.05.21"]
[Round "7"]
[White "Brondum, Eric"]
[Black "Andersen, Kim Nyvang"]
[Result "1/2-1/2"]
[WhiteElo "2116"]
[BlackElo "1931"]
[PlyCount "63"]
[EventDate "2011.??.??"]
[EventType "swiss"]
[EventRounds "9"]
[EventCountry "DEN"]

1. Nf3 c5 2. g3 Nc6 3. Bg2 g6 4. d3 Bg7 5. e4 d6 6. O-O e6 7. Nbd2 Nge7 8. Nh4
O-O 9. f4 f5 10. exf5 Nxf5 11. Nxf5 gxf5 12. Nf3 Bd7 13. c3 Qb6 14. Kh1 Rae8
15. Qc2 e5 16. fxe5 dxe5 17. Be3 a5 18. Qf2 Nd4 19. cxd4 cxd4 20. Bg5 h6 21.
Bc1 e4 22. Nh4 Bb5 23. Rd1 Bxd3 24. Rxd3 exd3 25. Bf1 Re3 26. Ng2 f4 27. gxf4
Rfe8 28. Nxe3 dxe3 29. Bxe3 Qxe3 30. Qxe3 Rxe3 31. Rd1 Bxb2 32. Bxd3 1/2-1/2

[Event "Copenhagen Chess Challenge 2011"]
[Site "Ballerup"]
[Date "2011.05.21"]
[Round "7"]
[White "Tandrup, Michael"]
[Black "Grau, Peter"]
[Result "0-1"]
[WhiteElo "1963"]
[BlackElo "2101"]
[PlyCount "88"]
[EventDate "2011.??.??"]
[EventType "swiss"]
[EventRounds "9"]
[EventCountry "DEN"]

1. d4 d5 2. Nf3 e6 3. b3 Be7 4. Bb2 Nf6 5. e3 Nbd7 6. Bd3 b6 7. Nbd2 Bb7 8. O-O
Ne4 9. c4 f5 10. Ne5 O-O 11. f4 Ndf6 12. Nxe4 dxe4 13. Be2 Qe8 14. a4 a5 15.
Ba3 Bxa3 16. Rxa3 Kh8 17. g4 Rd8 18. g5 Nd7 19. Bh5 g6 20. Nxd7 Rxd7 21. Be2 e5
22. Qa1 exd4 23. exd4 Qe7 24. d5+ Kg8 25. Ra2 c6 26. Rd2 Qb4 27. Rfd1 Qxb3 28.
Qe5 cxd5 29. Qe6+ Rdf7 30. Qe5 Qe3+ 31. Kf1 Qh3+ 32. Kg1 d4 33. Rxd4 e3 34. Rd5
h6 35. R1d3 Bxd5 36. cxd5 hxg5 37. Rxe3 Qh4 38. fxg5 f4 39. Rf3 Rf5 40. Qe6+
Kh7 41. Kh1 Qxg5 42. Rh3+ Kg7 43. Bf3 Re5 44. Qd7+ Re7 0-1

[Event "Copenhagen Chess Challenge 2011"]
[Site "Ballerup"]
[Date "2011.05.21"]
[Round "7"]
[White "Christensen, Casper"]
[Black "Brorsen, Jacob Abildlund"]
[Result "0-1"]
[WhiteElo "1948"]
[BlackElo "2064"]
[PlyCount "94"]
[EventDate "2011.??.??"]
[EventType "swiss"]
[EventRounds "9"]
[EventCountry "DEN"]

1. e4 c5 2. Nf3 d6 3. d4 cxd4 4. Nxd4 Nf6 5. Nc3 a6 6. Be3 e6 7. a4 Qc7 8. Bd3
Nc6 9. Nb3 b6 10. f3 Be7 11. O-O O-O 12. Kh1 Nb4 13. a5 b5 14. Nd4 d5 15. Bxb5
e5 16. Ba4 exd4 17. Bxd4 dxe4 18. Nxe4 Nxe4 19. fxe4 Be6 20. c3 Nc6 21. Bb6 Qc8
22. b4 Ne5 23. Bd4 Nc4 24. Qe1 Qc7 25. Rf3 Bd6 26. Qh4 Be5 27. Rc1 Nd2 28. Rd3
Bxd4 29. Rxd4 Nb3 30. Bxb3 Bxb3 31. c4 Qe5 32. Rd3 Bxc4 33. Rh3 h6 34. Rg3 Kh7
35. h3 Rac8 36. Rgc3 Be6 37. Rc5 Rxc5 38. bxc5 Rc8 39. Qe1 Rxc5 40. Rxc5 Qxc5
41. e5 Bf5 42. g4 Bg6 43. Kg2 Qc2+ 44. Kg3 Qd3+ 45. Kh2 Be4 46. e6 Qf3 47. Qd2
fxe6 0-1

[Event "Copenhagen Chess Challenge 2011"]
[Site "Ballerup"]
[Date "2011.05.21"]
[Round "7"]
[White "Vesterli, Michael E"]
[Black "Andersen, Daniel"]
[Result "1/2-1/2"]
[WhiteElo "1959"]
[BlackElo "1997"]
[PlyCount "160"]
[EventDate "2011.??.??"]
[EventType "swiss"]
[EventRounds "9"]
[EventCountry "DEN"]

1. d4 Nf6 2. c4 g6 3. Nc3 d5 4. cxd5 Nxd5 5. e4 Nxc3 6. bxc3 Bg7 7. Bb2 O-O 8.
Bc4 c5 9. Ne2 cxd4 10. cxd4 Nc6 11. O-O Na5 12. Bd3 Be6 13. Qa4 Bd7 14. Qb4 b5
15. Rab1 e6 16. Rfc1 a6 17. Qd6 Ra7 18. Ba3 Re8 19. Bc5 Nb7 20. Qb6 Nxc5 21.
Qxa7 Nxd3 22. Rc3 Qa5 23. Qxd7 Rd8 24. Qc7 Qxc7 25. Rxc7 Bxd4 26. Nxd4 Rxd4 27.
Rd1 Rb4 28. Kf1 Ne5 29. f4 Ng4 30. Rdd7 Nh6 31. Ke2 Rxe4+ 32. Kf3 Ra4 33. Rc2
Ra3+ 34. Ke2 Ra4 35. g3 Nf5 36. Kf2 h5 37. h3 Ra3 38. g4 hxg4 39. hxg4 Ne3 40.
Rc8+ Kg7 41. g5 Nd5 42. Rb8 Nxf4 43. Ke1 Nh3 44. Ra7 Rxa2 45. Rxb5 Rg2 46. Rbb7
Nxg5 47. Rxa6 e5 48. Kf1 Rg4 49. Re7 Rf4+ 50. Ke2 Rf6 51. Ra5 Nf3 52. Ke3 g5
53. Ra4 Rf5 54. Rg4 Kf6 55. Ra7 Nd4 56. Ra6+ Ne6 57. Re4 Rf1 58. Ke2 Rf5 59.
Ra5 Nf4+ 60. Ke3 Ng6 61. Ra6+ Kg7 62. Rb4 Rf6 63. Ra7 Rf4 64. Rxf4 exf4+ 65.
Kf3 Nh4+ 66. Kg4 Kg6 67. Ra6+ f6 68. Rb6 Ng2 69. Ra6 Ne3+ 70. Kf3 Nc4 71. Kg4
Ne5+ 72. Kh3 Kf5 73. Kg2 g4 74. Rb6 g3 75. Ra6 Ng4 76. Ra5+ Kg6 77. Kf3 Nh2+
78. Kg2 f5 79. Ra8 Ng4 80. Kf3 Nf6 1/2-1/2

[Event "Copenhagen Chess Challenge 2011"]
[Site "Ballerup"]
[Date "2011.05.21"]
[Round "7"]
[White "Schmidt, Horst Hubert"]
[Black "Skytte, Torill"]
[Result "0-1"]
[WhiteElo "1834"]
[BlackElo "1992"]
[PlyCount "176"]
[EventDate "2011.??.??"]
[EventType "swiss"]
[EventRounds "9"]
[EventCountry "DEN"]

1. d4 d5 2. Nf3 Nf6 3. e3 c5 4. Bb5+ Bd7 5. Qe2 a6 6. Bxd7+ Qxd7 7. O-O g6 8.
dxc5 Nc6 9. c4 dxc4 10. Qxc4 Bg7 11. Nc3 O-O 12. Rd1 Qf5 13. e4 Qh5 14. Be3 Ng4
15. Bf4 Nce5 16. Nxe5 Bxe5 17. Bxe5 Qxe5 18. g3 Qh5 19. h4 Qe5 20. Qd4 Qh5 21.
Qd5 Ne5 22. Qb3 Qg4 23. Nd5 Nf3+ 24. Kf1 Qxe4 25. Nxe7+ Qxe7 26. Qxf3 Qxc5 27.
Qxb7 Qc4+ 28. Kg2 Rab8 29. b3 Qe6 30. Qd5 Qb6 31. Rac1 Rbd8 32. Qf3 Qa5 33.
Rxd8 Rxd8 34. a4 Qe5 35. Rc3 a5 36. Re3 Qd6 37. Qe4 Qd1 38. Qc6 Rf8 39. Qb5 Qd2
40. Rd3 Qe1 41. Qc4 Re8 42. Rd5 Qa1 43. Qd3 Qe1 44. h5 Qb4 45. h6 Qe1 46. Rd8
Qe7 47. Rxe8+ Qxe8 48. Qc3 Qf8 49. Qxa5 Qxh6 50. f4 Qf8 51. b4 Qe8 52. Qa6 Qe4+
53. Kf2 Qxb4 54. Qb5 Qd2+ 55. Kf3 Qd1+ 56. Kg2 Qc2+ 57. Kh3 Qc8+ 58. g4 Qc3+
59. Kg2 Qd2+ 60. Kf3 Qc3+ 61. Ke4 Qc2+ 62. Kd4 Qd2+ 63. Ke5 Qe3+ 64. Kd5 Qe6+
65. Kc5 Qxg4 66. Qe8+ Kg7 67. Qe5+ Kg8 68. a5 Qc8+ 69. Kb6 Qd8+ 70. Qc7 Qd4+
71. Kb7 Qd5+ 72. Kb8 Qb5+ 73. Ka7 Qd5 74. a6 h5 75. Qb8+ Kh7 76. Qb7 Qd4+ 77.
Ka8 Qxf4 78. Qb8 Qe4+ 79. Qb7 Qe8+ 80. Ka7 h4 81. Qf3 Qd7+ 82. Kb8 Qd8+ 83. Kb7
Qd7+ 84. Kb6 Qd8+ 85. Kb5 Qd7+ 86. Qc6 Qxc6+ 87. Kxc6 h3 88. a7 h2 0-1

[Event "Copenhagen Chess Challenge 2011"]
[Site "Ballerup"]
[Date "2011.05.21"]
[Round "7"]
[White "Kokholm, Daniel"]
[Black "Andreasen, Rene"]
[Result "1-0"]
[WhiteElo "1934"]
[BlackElo "1847"]
[PlyCount "49"]
[EventDate "2011.??.??"]
[EventType "swiss"]
[EventRounds "9"]
[EventCountry "DEN"]

1. d4 d6 2. e4 Nf6 3. Nc3 e5 4. Nf3 Nbd7 5. Bc4 Be7 6. h3 O-O 7. Be3 c6 8. dxe5
Nxe5 9. Nxe5 dxe5 10. Qe2 b5 11. Bd3 a5 12. a4 b4 13. Nb1 Be6 14. Nd2 Nd7 15.
O-O Bg5 16. Bc4 Bxe3 17. Qxe3 Qe7 18. Rad1 Rfd8 19. b3 Rdb8 20. Bxe6 Qxe6 21.
Nc4 c5 22. Rd6 Qe7 23. Rfd1 Rd8 24. Qd3 Kf8 25. Rxd7 1-0

[Event "Copenhagen Chess Challenge 2011"]
[Site "Ballerup"]
[Date "2011.05.21"]
[Round "7"]
[White "Borg, Flemming"]
[Black "Molvig, Julius"]
[Result "0-1"]
[WhiteElo "1854"]
[BlackElo "1830"]
[PlyCount "108"]
[EventDate "2011.??.??"]
[EventType "swiss"]
[EventRounds "9"]
[EventCountry "DEN"]

1. e4 c5 2. c3 Nf6 3. d3 Nc6 4. f4 d6 5. Nf3 e5 6. Be2 Be7 7. O-O O-O 8. a4 Rb8
9. Na3 a6 10. fxe5 dxe5 11. Nc4 Qc7 12. Bg5 Rd8 13. Qe1 b5 14. axb5 axb5 15.
Ne3 c4 16. dxc4 Nxe4 17. Bxe7 Nxe7 18. b4 bxc4 19. Nxc4 Ng6 20. Rc1 Ba6 21.
Ncxe5 Nxe5 22. Bxa6 Nxf3+ 23. Rxf3 Qb6+ 24. Re3 Nxc3 25. Qxc3 Qxa6 26. Qb3 Qb6
27. Rc4 Re8 28. Kf2 Re5 29. Ke2 Rbe8 30. Rcc3 Rxe3+ 31. Rxe3 Rxe3+ 32. Qxe3
Qxb4 33. Qe8+ Qf8 34. Qd7 g6 35. Kf3 Qa8+ 36. Kg3 Qa1 37. h4 Qe5+ 38. Kf3 Kg7
39. g3 Qe6 40. Qc7 Qd5+ 41. Kf2 Qd4+ 42. Kf3 Qd3+ 43. Kf4 Qd4+ 44. Kf3 h5 45.
Qf4 Qxf4+ 46. Kxf4 Kf6 47. Ke4 g5 48. Ke3 gxh4 49. gxh4 Kf5 50. Kf3 f6 51. Kg3
Ke4 52. Kh3 Kf3 53. Kh2 f5 54. Kh3 f4 0-1

[Event "Copenhagen Chess Challenge 2011"]
[Site "Ballerup"]
[Date "2011.05.21"]
[Round "7"]
[White "Petrovski, Petruli"]
[Black "Andersen, Troels Baekgaard"]
[Result "1-0"]
[WhiteElo "1826"]
[BlackElo "1613"]
[PlyCount "65"]
[EventDate "2011.??.??"]
[EventType "swiss"]
[EventRounds "9"]
[EventCountry "DEN"]

1. Nf3 d5 2. c4 c6 3. e3 Nf6 4. Nc3 e6 5. d4 Be7 6. Bd3 O-O 7. O-O dxc4 8. Bxc4
b5 9. Bd3 Bb7 10. e4 Nbd7 11. e5 Ne8 12. Qc2 h6 13. Ne4 Nc7 14. Bd2 Nd5 15. a3
N7b6 16. Qc1 Re8 17. Bxh6 gxh6 18. Qxh6 Bf8 19. Qh5 Bg7 20. Nd6 Re7 21. Bh7+
Kf8 22. Ng5 Qc7 23. f4 f5 24. Bg6 Nc8 25. Bf7 Rxf7 26. Nxe6+ Kg8 27. Nxc7 Rxc7
28. Nxf5 Nce7 29. Nxg7 Kxg7 30. f5 Rh8 31. f6+ Kg8 32. Qg5+ Kf8 33. Qg7+ 1-0

[Event "Copenhagen Chess Challenge 2011"]
[Site "Ballerup"]
[Date "2011.05.21"]
[Round "7"]
[White "Haagen Larsen, Hans"]
[Black "Holtzmann, Sonny"]
[Result "1-0"]
[WhiteElo "1745"]
[BlackElo "1659"]
[PlyCount "133"]
[EventDate "2011.??.??"]
[EventType "swiss"]
[EventRounds "9"]
[EventCountry "DEN"]

1. e4 d5 2. exd5 Qxd5 3. Nc3 Qa5 4. Nf3 c6 5. Bc4 Nf6 6. h3 Bf5 7. O-O e6 8. a3
Nbd7 9. d4 Bd6 10. Bd2 Qc7 11. b4 O-O 12. Rc1 Nb6 13. Bb3 Nbd5 14. Ne2 b5 15.
c4 bxc4 16. Bxc4 Be4 17. Ng5 Bg6 18. Bb5 Ne7 19. Be3 h6 20. Nf3 Qb7 21. Bc4
Ned5 22. Qb3 Be4 23. Nd2 Bf5 24. Bxd5 cxd5 25. Bf4 Bxf4 26. Nxf4 Rfc8 27. Qe3
Rc2 28. Nb3 Rxc1 29. Rxc1 Rc8 30. Nc5 Qc6 31. g4 Bh7 32. f3 Nd7 33. Nh5 Qc7 34.
Kg2 Nb6 35. Qb3 Nc4 36. a4 Bg6 37. Ng3 Qf4 38. Qc3 Ne3+ 39. Kf2 Nc4 40. a5 Nd6
41. Kg2 Nc4 42. Nf1 h5 43. Re1 Nd6 44. Qe3 Qxe3 45. Rxe3 Nb5 46. gxh5 Bxh5 47.
Ng3 Bg6 48. Ne2 Nd6 49. Kg3 Nf5+ 50. Kf4 Nxe3 51. Kxe3 Rb8 52. Na6 Rc8 53. b5
Bc2 54. b6 axb6 55. axb6 Bd1 56. b7 Rd8 57. Nc3 Bb3 58. b8=Q Rxb8 59. Nxb8 Kh7
60. Kf4 Kh6 61. h4 Bc2 62. Nc6 Kh5 63. Kg3 Bg6 64. Ne2 Kh6 65. Nf4 Bf5 66. Nd8
f6 67. Nfxe6 1-0

[Event "Copenhagen Chess Challenge 2011"]
[Site "Ballerup"]
[Date "2011.05.21"]
[Round "7"]
[White "Porte, Henrik"]
[Black "Rimestad, Arild"]
[Result "1-0"]
[WhiteElo "2128"]
[BlackElo "1725"]
[PlyCount "33"]
[EventDate "2011.??.??"]
[EventType "swiss"]
[EventRounds "9"]
[EventCountry "DEN"]

1. d4 f5 2. c4 Nf6 3. Nc3 g6 4. Bg5 Bg7 5. Bxf6 Bxf6 6. e4 d6 7. Nf3 fxe4 8.
Nxe4 Bg7 9. Bd3 Bg4 10. h3 Bxf3 11. Qxf3 c6 12. O-O Qa5 13. Rae1 Kd8 14. c5 Nd7
15. cxd6 e5 16. Qf7 Bf8 17. Nc5 1-0

[Event "Copenhagen Chess Challenge 2011"]
[Site "Ballerup"]
[Date "2011.05.21"]
[Round "7"]
[White "Leosson, Atli Johann"]
[Black "Langmyhr, Tore"]
[Result "0-1"]
[WhiteElo "1673"]
[BlackElo "1993"]
[PlyCount "74"]
[EventDate "2011.??.??"]
[EventType "swiss"]
[EventRounds "9"]
[EventCountry "DEN"]

1. e4 d5 2. exd5 Nf6 3. c4 c6 4. dxc6 Nxc6 5. Nf3 e5 6. Nc3 e4 7. Ng1 Bf5 8.
Nge2 Bc5 9. h3 Qb6 10. Qb3 Bxf2+ 11. Kd1 O-O 12. Qxb6 axb6 13. g4 Bg6 14. Nf4
Rfe8 15. Nxg6 hxg6 16. Bg2 g5 17. Rf1 Bh4 18. b3 Rad8 19. Ke2 Nd4+ 20. Kd1 e3
21. dxe3 Nxb3+ 22. Kc2 Nxa1+ 23. Kb2 Rc8 24. Kxa1 Rxc4 25. Nb5 Bg3 26. Nd4 Ne4
27. Nf5 Be5+ 28. Bb2 Bxb2+ 29. Kxb2 Rc7 30. Bxe4 Rxe4 31. Rd1 g6 32. Rd8+ Kh7
33. Nd6 Rxe3 34. Ne8 Rce7 35. Nf6+ Kg7 36. Nd5 Re2+ 37. Kb3 R7e5 0-1